Bharatheeya laghu katha kosh (v.2)/ (Record no. 4962)

000 -LEADER
fixed length control field 00339nam a22001331a 4500
082 ## - DEWEY DECIMAL CLASSIFICATION NUMBER
Classification number H301 03
Item number BAL/B
245 ## - TITLE STATEMENT
Title Bharatheeya laghu katha kosh (v.2)/
Statement of responsibility, etc by Balram (ed.)
260 ## - PUBLICATION, DISTRIBUTION, ETC. (IMPRINT)
Place of publication New Delhi:
Name of publisher Dinman,
Year of publication 1996.
300 ## - PHYSICAL DESCRIPTION
Number of Pages 368p.
650 ## - SUBJECT ADDED ENTRY--TOPICAL TERM
Topical Term Dictionary Stories Hindi
650 ## - SUBJECT ADDED ENTRY--TOPICAL TERM
Topical Term Literature Hindi
650 ## - SUBJECT ADDED ENTRY--TOPICAL TERM
Topical Term Literature
942 ## - ADDED ENTRY ELEMENTS (KOHA)
Koha item type Book
Holdings
Withdrawn status Lost status Damaged status Not for loan Permanent Location Current Location Date acquired Cost, normal purchase price Full call number Accession Number Cost, replacement price Price effective from Koha item type
        Sree Sankaracharya University of Sanskrit Sree Sankaracharya University of Sanskrit 08.01.2015 250.00 H301 03 BAL/B 017406 0.00 08.01.2015 Book